Best and funniest Gravity falls quotes. - Statistics

General Stats
  • This quiz has been taken 454 times
    445 since last reset
  • The average score is 10 of 17
Answer Stats
Person Quote % Correct
Stan Pines When there's no {cops} around, anythings legal
93%
Dipper Pines Disco {girl} coming through, that disco {girl} is you.
91%
Bill Cipher It's funny how {Dumb} you are
89%
Stan Pines For tonight's final illusion we have the incredible sack of mystery. When you put your {money} in it, it mysteriously Disappears
88%
Bill Cipher Reality is an {illusion} the universe is a hologram buy gold bye!
85%
Shmebulock senior {Shmebulock}...........Senior.
80%
Stan Pines Studies show owning a {ladder} is more dangerous than a loaded gun. That's why I own ten guns, just in case some fool tries to sneak in here with a {ladder}
71%
Soos {Dude}, I made us some victory nochos. Don't worry, I only ate a third of them.Nah, half of them. Just kidding {dude}, I ate all of 'em!
64%
Mabel Pines Okay, so I was just opening random {doors} - Beacause I'm a creep
56%
Soos Calenders, mugs, T-shirts, and more! They've got it all at the {copier} store! That's not their slogan..... I juat really feel that way about the {copier} store.
52%
Stan Pines Perfect {boys}..... Always going through my trash..... Wait. What?
36%
Mabel Pines Okay my original plan was to tape together a bunch of {fishsticks} to make a prosthetic pair of people legs
35%
Stan Pines Would you like to buy the {Stan-Vac} vacuum? It sucks more than anything!
34%
Stan Pines It's like if {nightmares} and coffee had a baby
28%
Mabel Pines Yay! {Grass!}
27%
Wendy I make the rules suckers! {Boosh!}
22%
Ford Pines So this is how the world ends. Not with a bang but with more of a {beep-boop}
16%
No matching quizzes found
Score Distribution
Percent of People with Each Score
Percentile by Number Answered
Your Score History
You have not taken this quiz since the last reset